| 000 | 00637nam a2200169 a 4500 | ||
|---|---|---|---|
| 008 | 120416s1984 ||||||||||||||||| || u | ||
| 020 | _a0669080152 | ||
| 050 | _aHJ 7461 Abo | ||
| 100 | _aAbouchar, Alan | ||
| 245 | 1 | 0 | _aProject decision making in the public sector |
| 260 |
_aLexington, D. C. _bHeath and Company _c1984 |
||
| 300 | _axvi, 163p. : ill. | ||
| 350 | _a0.00 | ||
| 650 | _aEXPENDITURES, PUBLIC--COST EFFECTIVENESS | ||
| 650 | _aEXPENDITURES, PUBLIC--RATE OF RETURN | ||
| 995 |
_D0.00 _FCBU-MAIN LIBRARY (Kitwe) _H1 _I27.95 _UAVAILABLE _ZAnnex Low-Usage Collection |
||
| 999 |
_c55030 _d55030 |
||